| 000 | 00594cam a22002172 4500 | ||
|---|---|---|---|
| 999 |
_c16561 _d16561 |
||
| 001 | 0000018815 | ||
| 003 | OSt | ||
| 005 | 20171010130728.0 | ||
| 008 | 100801s xx 000 0 eng d | ||
| 020 | _a1292094184 : | ||
| 040 |
_aKABU _cKABU |
||
| 050 | 0 |
_aHG173 _b.M57 2016 |
|
| 100 | 1 | _aMishkin, Frederic S. | |
| 245 | 1 | 4 |
_aThe Economics of money, banking, and financial markets / _cFrederic S. Mishkin |
| 250 | _a11th ed. | ||
| 260 |
_aBoston : _bPearson, _c2016. |
||
| 300 | _a724 p. | ||
| 650 | 0 | _aFinance | |
| 908 | _a100801 | ||
| 942 |
_2lcc _cBK _hHG173 _i.M57 2016 |
||